Cine, de nuestro tiempo : Danièle Huillet, Jean-Marie Straub, cineastas = Cinéma, de notre temps : Danièle Huillet, Jean-Marie Straub, cinéastes /
Las series documentales francesas Cineastas de nuestro tiempo (1964-1972) y su continuadora Cine, de nuestro tiempo (a partir de 1989), ideadas por la productora Janine Bazin (1923-2003) y André S. Labarthe (1931), son dos de los espacios más prestigiosos de la historia mundial de la televisión dedi...
Na minha lista:
| Autor principal: | |
|---|---|
| Outros Autores: | , , , , , , |
| Formato: | |
| Idioma: | francês |
| Edição: | Versión abreviada para televisión |
| Colecção: | (Intermedio. Cine, de Nuestro Tiempo)
|
| Assuntos: | |
| Tags: |
Sem tags, seja o primeiro a adicionar uma tag!
|
MARC
| LEADER | 00000ngm^a2200000^a^4500 | ||
|---|---|---|---|
| 001 | 000297605 | ||
| 005 | 20251020000000.0 | ||
| 009 | 20260310112343.097 | ||
| 037 | |a Acervo ITESO - Biblioteca | ||
| 041 | |a FRA | ||
| 082 | |a 302. 23509 |b BAZ S. 2 V. 2 | ||
| 100 | |a Bazin, Janine |e (idea original) | ||
| 240 | 1 | 1 | |a [Cine, de nuestro tiempo] |
| 240 | 1 | 1 | |a [Cinéma, de notre temps] |
| 240 | 1 | 1 | |a [¿Dónde yace tu sonrisa escondida?] |
| 240 | 1 | 1 | |a [Où gît votre sourire enfoui?] |
| 245 | 1 | 0 | |a Cine, de nuestro tiempo : |b Danièle Huillet, Jean-Marie Straub, cineastas = Cinéma, de notre temps : Danièle Huillet, Jean-Marie Straub, cinéastes / |c Idea original de J. Bazin, A.S. Labarthe ; realización de P. Costa, T. Lounas. |
| 250 | |a Versión abreviada para televisión | ||
| 264 | 2 | |a Barcelona, España : |b Prodimag [distribución], |c 2007, c2007 | |
| 300 | |a 1 DVD región 2 PAL (73 min.) : |b blanco y negro, color + |e 1 tríptico | ||
| 336 | |a imagen móvil bidimensional |b tdi |2 rdacontenido | ||
| 337 | |a video |b v |2 rdamedio | ||
| 338 | |a videodisco |b vd |2 rdasoporte | ||
| 440 | 1 | |a (Intermedio. |p Cine, de Nuestro Tiempo) | |
| 520 | |a Las series documentales francesas Cineastas de nuestro tiempo (1964-1972) y su continuadora Cine, de nuestro tiempo (a partir de 1989), ideadas por la productora Janine Bazin (1923-2003) y André S. Labarthe (1931), son dos de los espacios más prestigiosos de la historia mundial de la televisión dedicados al estudio del fenómeno fílmico y más específicamente de los directores de cine, sus principales creadores. La mayor parte de las emisiones se refieren a un cineasta en particular, aunque Cineastas de nuestro tiempo acogió varios episodios relativos a movimientos cinematográficos de los años 1960 y 1970 (como la Nueva Ola francesa o los jóvenes cines italiano, canadiense y húngaro) y Cine, de nuestro tiempo retoma, a través de nuevas ediciones o cortes, capítulos de la serie precedente. La política de selección de los sujetos y objetos de análisis ha estado muy vinculada a Cahiers du Cinèma (1951-), la más célebre revista especializada de cine, fundada por André Bazin (1918-1958), quien fuera esposo de Janine Bazin, y en la que Labarthe fungió como editor. La propuesta audiovisual y duración de las diferentes emisiones es muy heterogénea, pero en general se advierte una voluntad de adecuar el tratamiento y estilo al del director que opera como tema y de evitar el recurso –habitual en el género documental- de la voz fuera de cuadro, para en su lugar dar la palabra a cada cineasta como vía de acceso a su visión y universo fílmicos. La serie inicial comenzó en la Oficina de Radiodifusión y Televisión Francesa (ORTF) y al ser reanudado el proyecto, sus creadores decidieron rebautizarla con un nuevo nombre que expresara tanto la continuidad como el arranque de una nueva época. | ||
| 520 | |a Esta presentación en DVD es una selección de episodios de Cine, de nuestro tiempo, distribuidos a razón de cuatro capítulos en un paquete o cofre, según la denominación usada por la distribuidora. El segundo tomo del segundo paquete es un largometraje sobre Danièle Huillet (1936-2006) y Jean-Marie Straub (1933), pareja de innovadores cineastas franceses que desarrollaron primordialmente su trayectoria en Alemania, dirigido por su colega portugués Pedro Costa –con la colaboración de Thierry Lounas- mientras Huillet y Straub montaban su filme Sicilia! (1999). La versión emitida en 2001 dentro de la serie –titulada Danièle Huillet, Jean Marie-Straub, cineastas- es una edición reducida a 72 minutos de ¿Dónde yace tu sonrisa escondida? (Onde jaz o teu soriso?), versión que reivindica Costa y que tiene una duración de 102 minutos. | ||
| 545 | 0 | |a Jean-Marie Straub (1933) y Danièle Huillet (1936-2006), pareja de cineastas franceses que realizó la mayor parte de sus cintas en Alemania y algunas en Italia, pertenecen al Nuevo Cine Alemán. Su cine, riguroso y austero, pero al mismo tiempo artesanal, íntimo y poético, se basa en las máximas de no perturbar el entorno y que no debe haber diferencia entre lo que sucede ante la cámara y su montaje, por lo que preferían trabajar con sonido directo en plano secuencias y planos fijos, con actores no profesionales; su estilo es comparado con algunos aspectos de la teoría de la distanciación de Bertolt Brecht en lo relativo a la representación de los actores. Straub y Huillet asumían juntos todo el proceso de la preproducción, filmación y posproducción de sus obras. Todas sus películas están basadas en textos literarios o musicales, la mayoría de ellos con una importante temática política marxista. Algunas de sus largometrajes son: Machorka-Muff (RFA, 1963), Crónica de Ana Magdalena Bach (RFA, 1967), Lecciones de historia (Italia, 1972), De la nube a la resistencia (Italia, 1978), Relaciones de clases (RFA/Francia, 1983), De la noche a la mañana (Alemania, 1996), Obreros/Campesinos (Francia/Italia, 2000), Esos encuentros con ellos (Italia/Francia, 2005). | |
| 546 | |a En francés, con subtítulos opcionales: español | ||
| 649 | |a XX | ||
| 650 | |a Cineastas Franceses | ||
| 650 | |a Cineastas Portugueses | ||
| 650 | |a Documentales | ||
| 650 | |a Cine Italiano - |x Historia y Crítica | ||
| 650 | |a Cine Italiano - |y 1990-1999 | ||
| 650 | |a Cine Italiano - |y Siglo XX | ||
| 650 | |a Cine Alemán - |x Historia y Crítica | ||
| 650 | |a Cine Alemán - |y Siglo XX | ||
| 650 | |a Huillet, Danièle - |x Tema Principal | ||
| 650 | |a Straub, Jean-Marie - |x Tema Principal | ||
| 700 | |a Labarthe, André S. |e (idea original) | ||
| 700 | |a Costa, Pedro |e (realización) | ||
| 700 | |a Lounas, Thierry |e (realización) | ||
| 700 | |a Costa, Pedro |e (fotógrafo) | ||
| 700 | |a Lapoirie, Jeanne |e (fotógrafo) | ||
| 700 | |a Auvray, Dominique |e (montaje) | ||
| 700 | |a Saramago, Patricia |e (montaje) | ||
| 910 | |a Fondo General | ||
| 920 | |a Audiovisuales - DVDs | ||
| 940 | |a Películas | ||
| 905 | |a 308 | ||
| 901 | |a 0500182863 |b IT2 |c DVR |i C118858 |u 20250521 | ||
| 901 | |a 0500182864 |b IT2 |c MIN |i C118858 |u 20251020 | ||
| 902 | |a https://opac.biblio.iteso.mx/vufind/Record/000297605 | ||